Deux Traites de l´amourde Dieu

Enregistré dans:
Détails bibliographiques
Auteur principal: Saint-Thierry, Guillaume de
Format: Livre
Langue:Undetermined
Publié: París, Francia Librairie philosophique J.Vrin 1953
Sujets:
Tags: Ajouter un tag
Pas de tags, Soyez le premier à ajouter un tag!

MARC

LEADER 00000nam a2200000Ia 4500
008 170316s9999 xx 000 0 und d
090 |a 100 S-7d 
100 |a Saint-Thierry, Guillaume de 
245 |a Deux Traites de l´amourde Dieu 
260 |a París, Francia 
260 |b Librairie philosophique J.Vrin 
260 |c 1953 
300 |a 188 páginas 
650 |a FILOSOFÍA 
999 |c 17724  |d 17724 
040 |a cru BVZT 
942 |c 15 D  |h 100 S-7d  |2 z